000 00515nam a22001697a 4500
003 JO-AjAnu
005 20231212101422.0
008 231127b jo ||||| |||| 00| 0 ara d
022 _a9783030569648
040 _cJO-AjAnu
100 _a.AnastassiouĜŒ Gorge A
_965020
_eAuthor
245 _a / Generalized Fractional Calculus: New Adancements and Applications, Volume 305
_cGeorge A. Anastassiou
260 _apoland :
_bSpringerĜŒ
_c2021
300 _a498 pages
650 _vGeneralized
942 _2lcc
_cBK
_n0
999 _c33175
_d33175